[Event "Intermat"]
[Site "Richmond"]
[Date "2023.04.15"]
[Round "1.26"]
[White "Huang, Patrick"]
[Black "Shapiro, Michael"]
[Result "1-0"]
[WhiteElo "2212"]
[BlackElo "1710"]
[EventType "team-match"]
[EventRounds "2"]
[EventCountry "CAN"]

1. d4 d5 2. Bf4 Nf6 3. e3 c6 4. Nf3 Bf5 5. c4 e6 6. Qb3 Qb6 7. c5 Qa5+ 8. Nc3
b6 9. Bc7 Nbd7 10. a3 Rc8 11. Bf4 Be7 12. cxb6 axb6 13. h3 Ne4 14. Be2 O-O 15.
O-O Nxc3 16. bxc3 c5 17. c4 cxd4 18. exd4 dxc4 19. Bxc4 Ra8 20. Bb5 Nf6 21.
Ne5 Be4 22. Nc6 Bxc6 23. Bxc6 Rac8 24. Rfc1 Rfd8 25. Be5 Nd5 26. Rc4 h6 27. a4
Bf8 28. Rac1 Ne7 29. Bf3 Rxc4 30. Rxc4 Qe1+ 31. Kh2 Qxf2 32. Qxb6 Qa2 33. Qxd8
Qxc4 34. a5 Nf5 35. Qb6 Nh4 36. Bb7 Nf5 37. a6 f6 38. Bb8 Ne3 39. Qc6 Nf1+ 40.
Kg1 Qxd4+ 41. Kxf1 Bc5 42. Qxe6+ Kf8 43. Qc8+ Kf7 44. Bd5+ Ke7 45. Qb7+ Ke8
46. Qf7+ Kd8 47. Bc7+ {#r} 1-0

[Event "Intermat"]
[Site "Richmond"]
[Date "2023.04.15"]
[Round "2.1"]
[White "Wang, Harvey"]
[Black "Zhu, Daniel"]
[Result "0-1"]
[WhiteElo "808"]
[BlackElo "711"]
[EventType "team-match"]
[EventRounds "2"]
[EventCountry "CAN"]

1. e4 c5 2. Nf3 g6 3. Nc3 Bg7 4. Bc4 Nf6 5. e5 Ng8 6. O-O e6 7. d3 Ne7 8. Be3
b6 9. Qd2 O-O 10. Rad1 Nbc6 11. Bh6 Qc7 12. Rfe1 Bb7 13. h3 a6 14. a4 Rfd8 15.
Qg5 Bh8 16. Qxe7 Nxe7 17. Ne4 Bxe4 18. Rxe4 Nf5 19. Bg5 Re8 20. g4 d5 21. Rf4
dxc4 22. gxf5 exf5 23. dxc4 Bxe5 24. Nxe5 Qxe5 25. b3 Qc3 26. Rc1 Qxh3 27. Rh4
Qc3 28. Kg2 Re1 29. Rh3 Qe5 30. Re3 Rxe3 31. Bxe3 Re8 32. Re1 Qe4+ 33. Kf1
{#R} 0-1

[Event "Intermat"]
[Site "Richmond"]
[Date "2023.04.15"]
[Round "2.2"]
[White "Liu, Bihe"]
[Black "Chan, Rockwell"]
[Result "0-1"]
[WhiteElo "797"]
[BlackElo "515"]
[EventType "team-match"]
[EventRounds "2"]
[EventCountry "CAN"]

1. e4 e5 2. Nf3 Bc5 3. Nxe5 b6 4. d4 Bb4+ 5. c3 Be7 6. Bc4 Nc6 7. Nxc6 dxc6 8.
O-O Nf6 9. e5 Nd5 10. Re1 O-O 11. Bxd5 cxd5 12. Re3 Bb7 13. Rg3 Bh4 14. Rg4
Ba6 15. f4 h5 16. Rxh4 Qxh4 17. Qf3 Qe1+ {#R} 0-1

[Event "Intermat"]
[Site "Richmond"]
[Date "2023.04.15"]
[Round "2.3"]
[White "Evin, Terrick"]
[Black "Xu, Zhihan (Samuel)"]
[Result "1-0"]
[WhiteElo "1249"]
[BlackElo "789"]
[EventType "team-match"]
[EventRounds "2"]
[EventCountry "CAN"]

1. e4 e5 2. Nf3 Nc6 3. Bc4 Bc5 4. b4 Bxb4 5. c3 Bc5 6. O-O Nf6 7. d4 exd4 8.
cxd4 Bb4 9. d5 Ne7 10. e5 Ne4 11. Qb3 Ba5 12. d6 O-O 13. dxe7 Qxe7 14. Ba3 d6
15. exd6 Nxd6 16. Nbd2 Bd7 17. Qxb7 Nxb7 18. Bxe7 Rfe8 19. Ba3 Nd6 20. Bxd6
cxd6 21. Rfe1 Rab8 22. Rxe8+ Rxe8 23. h3 Bc3 24. Rb1 Bf5 25. Rb7 Ra8 26. Bxf7+
Kh8 27. Bd5 Bc8 28. Rb3 Bxd2 29. Nxd2 Bb7 30. Bxb7 Re8 31. Bc6 Rc8 32. Ne4
Rxc6 33. Rb8+ Rc8 34. Rxc8# 1-0

[Event "Intermat"]
[Site "Richmond"]
[Date "2023.04.15"]
[Round "2.4"]
[White "Yuan, Chen"]
[Black "Makogon, Leon"]
[Result "1-0"]
[WhiteElo "1185"]
[BlackElo "619"]
[EventType "team-match"]
[EventRounds "2"]
[EventCountry "CAN"]

1. e4 e5 2. Nf3 Nc6 3. Bc4 Bc5 4. O-O Nf6 5. Nc3 O-O 6. d3 h6 7. Be3 Bb6 8.
Bxb6 axb6 9. Qe2 d6 10. h3 Be6 11. Bb3 Nh5 12. Bxe6 fxe6 13. Rad1 Nf4 14. Qe3
d5 15. exd5 exd5 16. Ne2 Nxe2+ 17. Qxe2 Qe7 18. a3 b5 19. d4 e4 20. Nh2 b4 21.
axb4 Qxb4 22. b3 Ra2 23. Qd2 Qxd2 24. Rxd2 Nb4 25. Rc1 Rc8 26. Nf1 c5 27. dxc5
Rxc5 28. c3 Rxd2 29. Nxd2 Na2 30. Rc2 Nxc3 31. Kf1 Na4 32. Rxc5 Nxc5 33. b4
Nd3 34. b5 Nc5 35. Nb1 Kf7 36. f3 e3 37. Ke2 d4 38. Na3 Kf6 39. b6 Kf5 40. g3
Na4 41. Nc4 Nc3+ 42. Ke1 d3 43. Nxe3+ Ke5 44. Kd2 Nd5 45. Nxd5 Kxd5 46. Kxd3
Kc5 47. f4 Kxb6 48. g4 ({One scoresheet includes} 48. Ke4 {with no indication
what Black's response might have been, then continues with the game
continuation after White's g4; the other scoresheet omits 48.Ke4 but tends to
be more inaccurate.}) 48... Ka5 49. g5 hxg5 50. fxg5 g6 51. h4 b5 52. h5 gxh5
{#r} 1-0

[Event "Intermat"]
[Site "Richmond"]
[Date "2023.04.15"]
[Round "2.5"]
[White "Li, Edgar"]
[Black "Cui, Sky"]
[Result "0-1"]
[WhiteElo "1161"]
[BlackElo "1154"]
[EventType "team-match"]
[EventRounds "2"]
[EventCountry "CAN"]

1. e4 c5 2. Nf3 d6 3. d4 cxd4 4. Nxd4 Nf6 5. Nc3 a6 6. Be3 e5 7. Nf3 Be7 8.
Bd3 b5 9. a3 Bb7 10. O-O Nbd7 11. h3 O-O 12. Nh2 Nc5 13. Bxc5 dxc5 14. f3 c4
15. Be2 Bc5+ 16. Kh1 Nh5 17. Qe1 Nf4 18. Qg3 Qd2 19. Bd1 Bd4 20. Ng4 Bxc3 21.
bxc3 Qxc3 22. Nh6+ Kh8 23. Nf5 g6 24. Ra2 gxf5 25. exf5 Rg8 26. Qh2 Rxg2 27.
Qxg2 Nxg2 28. Kxg2 Rg8+ 29. Kh1 Qd2 30. Rg1 Rxg1+ 31. Kxg1 Qxd1+ 32. Kf2 Bxf3
33. c3 e4 34. f6 Qh1 35. Kg3 h6 36. Kf4 Qxh3 37. Rd2 Qh5 38. Rd8+ Kh7 39. Rd7
Qg5# 0-1

[Event "Intermat"]
[Site "Richmond"]
[Date "2023.04.15"]
[Round "2.6"]
[White "Bharadwaj, Samarth"]
[Black "Yan, Leo"]
[Result "1-0"]
[WhiteElo "1431"]
[BlackElo "800"]
[EventType "team-match"]
[EventRounds "2"]
[EventCountry "CAN"]

1. e4 e5 2. Nf3 Nc6 3. Bc4 Bc5 4. c3 Nf6 5. d3 O-O 6. O-O d5 7. exd5 Nxd5 8.
Re1 Re8 9. a4 Bg4 10. h3 Bh5 11. Nbd2 Nf6 12. b4 Bxf2+ 13. Kxf2 Bg6 14. Ne4
Nd5 15. Bg5 Qd7 16. Nc5 Qd6 17. Nxb7 Qd7 18. Nc5 Qd6 19. Ne4 Qd7 20. Ng3 Nxc3
21. Qb3 Bxd3 22. Qxc3 Bg6 23. Rad1 Qc8 24. Bd5 Ne7 25. Bxa8 Qxa8 26. Qxc7 Nc6
27. b5 Nb4 28. Rd8 Rxd8 29. Qxd8+ Qxd8 30. Bxd8 Nd3+ 31. Ke3 Nxe1 32. Nxe1 Kf8
33. a5 Ke8 34. b6 axb6 35. a6 Kxd8 36. a7 Kc7 37. a8=Q b5 38. Nd3 f6 39. Nb4
Kb6 40. Ne4 f5 41. Nc3 Kc5 42. Nd3+ Kb6 43. Nd5# 1-0

[Event "Intermat"]
[Site "Richmond"]
[Date "2023.04.15"]
[Round "2.7"]
[White "Merriman, Dann"]
[Black "Zhang, Kai Zhongkai"]
[Result "0-1"]
[WhiteElo "1570"]
[BlackElo "1335"]
[EventType "team-match"]
[EventRounds "2"]
[EventCountry "CAN"]

1. e3 d5 2. d4 Bf5 3. c4 e6 4. Nc3 Nf6 5. Nf3 Bb4 6. cxd5 Nxd5 7. Bd2 Nxc3 8.
bxc3 Bd6 9. Qb3 Qc8 10. Be2 O-O 11. O-O Nd7 12. Nh4 Be4 13. Bf3 Bxf3 14. Nxf3
Nf6 15. Rfe1 Ne4 16. c4 Nxd2 17. Nxd2 c6 18. c5 Bb8 19. Nc4 Qd7 20. Rab1 Qd5
21. Na5 b6 22. Qxd5 cxd5 23. Nb3 bxc5 24. Nxc5 Bd6 25. Rec1 Rab8 26. Kf1 Rfc8
27. h3 h6 28. Rxb8 Rxb8 29. Nb3 Rb7 30. Rc6 Rb6 31. Rc2 Kh7 32. Ke2 Kg6 33.
Kf3 Rb4 34. Rc6 Rb6 35. Rc8 Ra6 36. Rc2 Rb6 37. g3 Rb4 38. Nd2 Rb7 39. Rc6 Rb6
40. Rc2 a5 41. Nb3 a4 42. Nc5 a3 43. Nb3 Kf6 44. Rc8 Ke7 45. Ke2 Kd7 46. Rc3
Rc6 47. Kd3 Rxc3+ 48. Kxc3 Kc6 49. Nc5 e5 50. Kb4 exd4 51. exd4 Kb6 52. Kxa3
Bxc5+ 53. dxc5+ Kxc5 54. Kb3 d4 55. a4 d3 56. Kc3 d2 57. Kxd2 Kb4 58. Kd3 Kxa4
59. Kd4 Kb3 60. f4 Kc2 61. Ke3 Kc3 62. g4 g6 63. f5 g5 64. f6 Kc4 65. Ke4 Kc5
66. Ke5 Kc6 67. Ke4 Kd6 68. Kf5 Kd5 69. h4 gxh4 70. g5 hxg5 71. Kxg5 h3 72.
Kh6 h2 73. Kg7 Ke6 74. Kg8 h1=Q 75. Kg7 Qg2+ 76. Kf8 Qg4 77. Ke8 Qg8# 0-1

[Event "Intermat"]
[Site "Richmond"]
[Date "2023.04.15"]
[Round "2.8"]
[White "Lin, Michael"]
[Black "Yao, Lucas"]
[Result "0-1"]
[WhiteElo "1707"]
[BlackElo "1435"]
[EventType "team-match"]
[EventRounds "2"]
[EventCountry "CAN"]

1. d4 d5 2. c4 e6 3. Nc3 Nf6 4. cxd5 exd5 5. Bg5 Be7 6. e3 O-O 7. Bd3 Be6 8.
Nge2 h6 9. Bh4 Nc6 10. O-O Bg4 11. f3 Be6 12. Bf2 Qd7 13. Re1 Rad8 14. a3 Rfe8
15. Qc2 a6 16. Rad1 Kh8 17. e4 Kg8 18. e5 Nh5 19. Kh1 Bg5 20. Rg1 a5 21. g3
Kh8 22. f4 Bg4 23. fxg5 Bf3+ 24. Rg2 Bxg2+ 25. Kxg2 hxg5 26. Bf5 Qe7 27. Qd3
g6 28. Qf3 Ng7 29. Bc2 Qe6 30. Bb3 Ne7 31. Ne4 dxe4 32. Qc3 Qf5 33. Rf1 Qf3+
34. Qxf3 exf3+ 35. Kxf3 c6 36. Be3 Nef5 37. Bg1 c5 38. d5 Rxe5 39. Rc1 b6 40.
Rd1 g4+ 41. Kf2 Ne8 42. Nc3 Nf6 43. Rd3 Nd4 44. Ba2 b5 45. Kg2 Nc2 46. Bxc5
Ne1+ {#R} 0-1

[Event "Intermat"]
[Site "Richmond"]
[Date "2023.04.15"]
[Round "2.9"]
[White "Xiong, Michael"]
[Black "Chua, Zachary"]
[Result "1-0"]
[WhiteElo "1554"]
[BlackElo "1349"]
[EventType "team-match"]
[EventRounds "2"]
[EventCountry "CAN"]

1. d4 d5 2. c4 e6 3. Nc3 Nf6 4. Bg5 Be7 5. Nf3 O-O 6. e3 h6 7. Bh4 b6 8. Bd3
Bb7 9. O-O Nbd7 10. Qe2 Ne4 11. Bxe7 Qxe7 12. Rac1 c5 13. Rfd1 Rfd8 14. Qc2
dxc4 15. Bxe4 Bxe4 16. Nxe4 cxd4 17. Nxd4 Rac8 18. h3 Ne5 19. f3 Nd3 20. Rb1
f5 21. Nf2 Nb4 22. Qa4 a5 23. a3 Na6 24. Rbc1 e5 25. Nxf5 Qf6 26. Rxd8+ Rxd8
27. Qxc4+ Kh8 28. Qxa6 Qxf5 29. Qxb6 Ra8 30. Ne4 Rc8 31. Rxc8+ Qxc8 32. Qc5
Qxc5 33. Nxc5 Kg8 34. Nb7 a4 35. Nc5 Kf7 36. Nxa4 Ke6 37. e4 Kd6 38. Kf2 Kc6
39. Ke3 Kb5 40. b3 g6 41. f4 exf4+ 42. Kxf4 {#r} 1-0

[Event "Intermat"]
[Site "Richmond"]
[Date "2023.04.15"]
[Round "2.10"]
[White "Yondon, Odbayar"]
[Black "Wu, Bowen"]
[Result "1-0"]
[WhiteElo "1617"]
[BlackElo "1347"]
[EventType "team-match"]
[EventRounds "2"]
[EventCountry "CAN"]

1. e4 c5 2. Nf3 Nc6 3. Bb5 e6 4. Bxc6 bxc6 5. O-O Ne7 6. e5 Ng6 7. c3 Be7 8.
d4 O-O 9. Be3 Qb6 10. Qc2 Ba6 11. Rd1 Rfd8 12. Re1 Rab8 13. b3 cxd4 14. cxd4
Qc7 15. Nbd2 Bb4 16. a3 Bxd2 17. Bxd2 Ne7 18. Bb4 Nc8 19. Rac1 Ra8 20. Ng5 g6
21. Qc3 Nb6 22. Qf3 f5 23. exf6 h6 24. Qe4 hxg5 25. Qxg6+ Kh8 26. Qg7# 1-0

[Event "Intermat"]
[Site "Richmond"]
[Date "2023.04.15"]
[Round "2.12"]
[White "Ramkumar, Nikhil"]
[Black "Wu, Nicholas Pei-Chang"]
[Result "1/2-1/2"]
[WhiteElo "1648"]
[BlackElo "1747"]
[EventType "team-match"]
[EventRounds "2"]
[EventCountry "CAN"]

1. d4 d5 2. e3 Bf5 3. c4 e6 4. Nc3 c6 5. Nf3 Nd7 6. Qb3 Rb8 7. Be2 Ngf6 8. Bd2
Bd6 9. Nh4 Be4 10. f4 Ng4 11. Nf3 Bg6 12. Ne5 Ngf6 13. O-O O-O 14. Be1 a6 15.
c5 Be7 16. g4 Nxe5 17. fxe5 Ne4 18. Nxe4 Bxe4 19. Bd3 Bxd3 20. Qxd3 a5 21. Rf3
b6 22. Rh3 g6 23. cxb6 Qxb6 24. Bc3 c5 25. Rf1 c4 26. Qd2 Bb4 27. e4 f6 28.
Qh6 Rb7 29. Rhf3 Bxc3 30. bxc3 dxe4 31. Rxf6 Rxf6 32. Rxf6 Rb8 33. h4 Qb1+ 34.
Rf1 Qd3 35. Qf4 Qxc3 36. Qf7+ Kh8 37. Qf6+ Kg8 38. Qxe6+ Kh8 39. Qf6+ Kg8 40.
Qf7+ {#d} 1/2-1/2

[Event "Intermat"]
[Site "Richmond"]
[Date "2023.04.15"]
[Round "2.13"]
[White "Wang, Leonardo"]
[Black "Mok, Erwin Jun-Han"]
[Result "1-0"]
[WhiteElo "1648"]
[BlackElo "1716"]
[EventType "team-match"]
[EventRounds "2"]
[EventCountry "CAN"]

1. d4 d5 2. c4 c6 3. Nc3 Nf6 4. Nf3 e6 5. e3 Bd6 6. Bd2 Nbd7 7. a3 O-O 8. Bd3
dxc4 9. Bxc4 b5 10. Bd3 Bb7 11. O-O a6 12. b4 e5 13. Ne4 Nxe4 14. Bxe4 Qc7 15.
Rc1 Nf6 16. Bxc6 Bxc6 17. dxe5 Ng4 18. exd6 Qxd6 19. Bc3 Qb8 20. Qd4 Nf6 21.
Ne5 Qb7 22. Ng4 Ne8 23. f3 f6 24. Bb2 Rc8 25. e4 Nc7 26. Qd6 Be8 27. Rfd1 Bf7
28. Qg3 Kh8 29. Rd7 Bc4 30. Nxf6 Rf7 31. Rxf7 Bxf7 32. Nh5 Bg6 33. Nxg7 Kg8
34. Qd6 {#r} 1-0

[Event "Intermat"]
[Site "Richmond"]
[Date "2023.04.15"]
[Round "2.14"]
[White "Zhu, Jamie"]
[Black "Gao, Justin"]
[Result "1-0"]
[WhiteElo "1817"]
[BlackElo "1803"]
[EventType "team-match"]
[EventRounds "2"]
[EventCountry "CAN"]

1. c4 e5 2. g3 d5 3. cxd5 Qxd5 4. Nf3 Nc6 5. Nc3 Qd8 6. Bg2 Nf6 7. O-O Bd6 8.
d4 O-O 9. d5 Ne7 10. e4 Ng6 11. h3 Ne8 12. Re1 h6 13. Nd2 f5 14. exf5 Bxf5 15.
Nde4 Nf6 16. Be3 Bb4 17. Nxf6+ Qxf6 18. Qb3 Bd6 19. Nb5 a6 20. Nxd6 cxd6 21.
Rac1 Qe7 22. Qb6 Rac8 23. Rc3 Rxc3 24. bxc3 Rc8 25. Rc1 Qc7 26. c4 Qxb6 27.
Bxb6 Nf8 28. Be3 Nd7 29. Bf1 Nc5 30. g4 Be4 31. f4 exf4 32. Bxf4 Nd3 33. Bxd3
Bxd3 34. Bxd6 Rxc4 35. Re1 Rd4 36. Re8+ Kf7 37. Re7+ Kf6 38. Re6+ Kf7 39. Re7+
Kf6 40. Rxb7 Rxd5 41. Bf8 Rb5 42. Bxg7+ Kg6 43. Rd7 Rb1+ 44. Kh2 Rb2+ 45. Bxb2
{#r} 1-0

[Event "Intermat"]
[Site "Richmond"]
[Date "2023.04.15"]
[Round "2.15"]
[White "Willy, Stephen"]
[Black "Aljo, Johan"]
[Result "1-0"]
[WhiteElo "1949"]
[BlackElo "2011"]
[EventType "team-match"]
[EventRounds "2"]
[EventCountry "CAN"]

1. e4 c6 2. d4 d5 3. Nc3 dxe4 4. Nxe4 Bf5 5. Ng3 Bg6 6. h4 h6 7. Nf3 Nd7 8. h5
Bh7 9. Bd3 Bxd3 10. Qxd3 e6 11. Bd2 Ngf6 12. O-O-O Be7 13. Rde1 O-O 14. Nf1 c5
15. Ne3 cxd4 16. Qxd4 Nc5 17. Bc3 Rc8 18. Kb1 Nce4 19. Nd1 Nxc3+ 20. Nxc3 Qa5
21. Rh3 Bb4 22. Re5 Bxc3 23. Rxa5 Bxd4 24. Nxd4 Rfd8 25. c3 Ne4 26. a3 a6 27.
f4 Nd2+ 28. Ka2 Nc4 29. Ra4 Rc7 30. g4 Nb6 31. Ra5 Nc4 32. Ra4 Nb6 33. Ra5 Rd5
34. Rxd5 Nxd5 35. Rf3 Nf6 36. Rg3 Nd5 37. Rf3 Nf6 38. Rg3 Nd5 39. Ne2 Rc4 40.
g5 hxg5 41. fxg5 Rh4 42. Rd3 Rxh5 43. c4 Nb6 44. Rd8+ Kh7 45. g6+ fxg6 46. Nf4
Rh2 47. Nxe6 Re2 48. Re8 Rd2 49. Ng5+ Kh6 50. Nf3 {#r} 1-0

[Event "Intermat"]
[Site "Richmond"]
[Date "2023.04.15"]
[Round "2.16"]
[White "Vemparala, Nikash"]
[Black "Russell, Wesley"]
[Result "1-0"]
[WhiteElo "2122"]
[BlackElo "1683"]
[EventType "team-match"]
[EventRounds "2"]
[EventCountry "CAN"]

1. e4 c6 2. Nf3 d5 3. Nc3 dxe4 4. Nxe4 Nf6 5. Qe2 Nxe4 6. Qxe4 Nd7 7. Bc4 Nf6
8. Ne5 e6 9. Qe2 b5 10. Bb3 Qc7 11. d4 Bd6 12. c3 O-O 13. O-O a6 14. Bc2 c5
15. Bg5 Be7 16. Bxf6 Bxf6 17. Qe4 g6 18. Qxa8 Bb7 19. Qa7 Be7 20. Be4 Rb8 21.
Bxb7 Rxb7 22. Qa8+ Kg7 23. Qxa6 Rb6 24. Qa8 Rb7 25. a4 b4 26. Qa6 cxd4 27.
cxd4 Rb6 28. Qd3 Rd6 29. a5 Bf6 30. Qe3 Ra6 31. h3 Rxa5 32. Rxa5 Qxa5 33. Qe4
Qa2 34. Nd3 Qc4 35. Rc1 Qb5 36. Rc7 Bd8 37. Rb7 Qa6 38. Nc5 Qa1+ 39. Kh2 Qxb2
40. Nxe6+ Kg8 41. Nxd8 {#r} 1-0

[Event "Intermat"]
[Site "Richmond"]
[Date "2023.04.15"]
[Round "2.17"]
[White "Li, Emma"]
[Black "Yang, Jingyun (Ryan)"]
[Result "0-1"]
[WhiteElo "1569"]
[BlackElo "2213"]
[EventType "team-match"]
[EventRounds "2"]
[EventCountry "CAN"]

1. e4 Nf6 2. Nc3 d5 3. exd5 Nxd5 4. Bc4 Nxc3 5. bxc3 Nc6 6. d4 g6 7. Nf3 Bg7
8. O-O O-O 9. Bf4 e6 10. Re1 b6 11. Qd2 Bb7 12. Bg5 Qd6 13. Bh6 Na5 14. Bxg7
Kxg7 15. Be2 Rad8 16. Ne5 Qxe5 17. Bf3 Qf6 18. Bxb7 Nxb7 19. Re3 Qg5 20. h4
Qh6 21. h5 Nd6 22. Qe1 g5 23. Rg3 Nf5 24. Qe5+ Kg8 25. Rg4 Qxh5 26. f3 h6 27.
Kf2 c5 28. Rd1 cxd4 29. cxd4 Rd5 30. Qc7 Rfd8 31. c3 R5d7 32. Qe5 Ne7 33. Kg3
Qg6 34. Rh1 f5 35. Re4 fxe4 36. fxe4 Nc6 37. Qb5 Qxe4 38. Rxh6 Qf4+ 39. Kh3
g4+ 40. Kh4 Qxh6+ {#R} 0-1

[Event "Intermat"]
[Site "Richmond"]
[Date "2023.04.15"]
[Round "2.18"]
[White "Min, Ryan"]
[Black "Song, Ethan"]
[Result "0-1"]
[WhiteElo "2084"]
[BlackElo "2220"]
[EventType "team-match"]
[EventRounds "2"]
[EventCountry "CAN"]

1. d4 Nf6 2. c4 e6 3. Nc3 Bb4 4. e3 b6 5. Bd3 Bb7 6. f3 c5 7. a3 cxd4 8. exd4
Be7 9. Nge2 O-O 10. Bf4 d5 11. cxd5 Nxd5 12. Nxd5 Bxd5 13. Nc3 Bf6 14. Nxd5
exd5 15. Be3 Re8 16. Kf2 Qd6 17. Bb5 Nd7 18. Qd2 Re6 19. Bf4 Qe7 20. Rhe1 Nf8
21. Ba4 g5 22. Bg3 Bg7 23. Kg1 Rc8 24. Bb3 Qd8 25. Qd3 Ng6 26. Kh1 Qd7 27.
Rad1 Rce8 28. Rxe6 Qxe6 29. Qb5 Rd8 30. Re1 Qf5 31. Bc7 Rc8 32. Be5 Bxe5 33.
dxe5 Qxe5 34. Rd1 Rc5 35. Qd7 Nf4 36. g3 Nd3 37. Kg2 Qe2+ 38. Kg1 h6 39. Rf1
Qxb2 40. Ba4 Qd4+ 41. Kg2 b5 42. Bd1 Kg7 43. Qf5 Rc1 44. h4 gxh4 45. gxh4 Nf4+
46. Kh2 Rxd1 47. Qg4+ Ng6 48. Rxd1 Qxd1 49. h5 Qd2+ 50. Kh3 Qg5 51. Qd4+ Qf6
52. Qg4 Qe6 {#R} 0-1

[Event "Intermat"]
[Site "Richmond"]
[Date "2023.04.15"]
[Round "2.19"]
[White "Wong-Godfrey, Emerson"]
[Black "Su, Ethan"]
[Result "1-0"]
[WhiteElo "1713"]
[BlackElo "1993"]
[EventType "team-match"]
[EventRounds "2"]
[EventCountry "CAN"]

1. e4 c5 2. c3 d5 3. exd5 Qxd5 4. d4 e6 5. Nf3 Nc6 6. Na3 cxd4 7. Nb5 Qd8 8.
Nbxd4 Nxd4 9. Qxd4 Qxd4 10. Nxd4 Bd7 11. Bd3 Bc5 12. Be3 Bb6 13. a4 Ne7 14. a5
Bxd4 15. Bxd4 f6 16. O-O e5 17. Bc5 Nc6 18. Rfd1 O-O-O 19. b4 a6 20. Bb6 Rde8
21. b5 axb5 22. Bxb5 Nb8 23. c4 Re7 24. Rd2 Bc6 25. Rad1 Rd7 26. Bxc6 bxc6 27.
Rxd7 Nxd7 28. Rd6 Nb8 29. Kf1 Re8 30. Ke2 Kb7 31. Ke3 Re7 32. c5 Rd7 33. Ke4
Rxd6 34. cxd6 g6 35. g4 Nd7 36. f4 exf4 37. Kxf4 Nxb6 38. axb6 Kxb6 39. g5 f5
40. Ke5 f4 41. Ke6 f3 42. d7 f2 43. d8=Q+ Kc5 44. Qd1 {#r} 1-0

[Event "Intermat"]
[Site "Richmond"]
[Date "2023.04.15"]
[Round "2.20"]
[White "Pisan, Kai"]
[Black "Leong, Aiden"]
[Result "1/2-1/2"]
[WhiteElo "1775"]
[BlackElo "2097"]
[EventType "team-match"]
[EventRounds "2"]
[EventCountry "CAN"]

1. d4 Nf6 2. c4 e6 3. Nf3 Bb4+ 4. Bd2 a5 5. a3 Bxd2+ 6. Qxd2 b6 7. g3 Bb7 8.
Bg2 O-O 9. O-O d6 10. Nc3 Ne4 11. Qc2 f5 12. Nd2 Nxc3 13. Qxc3 Bxg2 14. Kxg2
Nc6 15. b4 Qf6 16. e3 g5 17. Rac1 f4 18. exf4 gxf4 19. Nf3 axb4 20. axb4 Ra4
21. b5 Na5 22. c5 bxc5 23. dxc5 Qxc3 24. Rxc3 Rb4 25. cxd6 cxd6 26. Ra1 Nb7
27. Rc7 Rxb5 28. Nd4 f3+ 29. Kg1 Ra5 30. Re1 Nc5 31. h4 e5 32. Nc6 Ra2 33.
Ne7+ Kh8 34. Rb1 Rfa8 35. Nf5 Rd2 36. Nxd6 Rxd6 37. Rxc5 Re8 38. Rc7 h6 39.
Rf7 e4 40. Rbb7 Rg6 41. Rfe7 Re6 42. Rh7+ {#d} 1/2-1/2

[Event "Intermat"]
[Site "Richmond"]
[Date "2023.04.15"]
[Round "2.21"]
[White "Demberel, Amana"]
[Black "Jiang, Kate"]
[Result "0-1"]
[WhiteElo "1610"]
[BlackElo "2013"]
[EventType "team-match"]
[EventRounds "2"]
[EventCountry "CAN"]

1. e4 e5 2. Nf3 Nc6 3. Bb5 a6 4. Ba4 Nf6 5. O-O Be7 6. Re1 b5 7. Bb3 d6 8. h3
Na5 9. c3 Nxb3 10. axb3 Bb7 11. d3 O-O 12. Nbd2 Re8 13. Nf1 Bf8 14. Ng3 g6 15.
Bg5 h6 16. Bxf6 Qxf6 17. c4 c6 18. b4 Reb8 19. Qd2 Bc8 20. c5 Kh7 21. Rec1
dxc5 22. bxc5 Bxh3 23. Nxe5 Qxe5 24. d4 Qe7 25. gxh3 h5 26. Qc2 Qd7 27. Qb3
Ra7 28. Ne2 Re8 29. Qf3 Qe7 30. Nc3 b4 31. Na2 a5 32. Re1 Rd7 33. Rad1 Red8
34. Qe3 Bh6 35. f4 Qf6 36. Rf1 Bf8 37. Qf3 Rxd4 38. e5 Qf5 39. Rxd4 Rxd4 40.
Qxc6 Qxh3 41. Qc7 Qg3+ 42. Kh1 Rd2 43. Qxf7+ Bg7 {#R} 0-1

[Event "Intermat"]
[Site "Richmond"]
[Date "2023.04.15"]
[Round "2.22"]
[White "Joshi, Atharva"]
[Black "He, Matthew"]
[Result "1/2-1/2"]
[WhiteElo "1752"]
[BlackElo "2060"]
[EventType "team-match"]
[EventRounds "2"]
[EventCountry "CAN"]

1. e4 c6 2. d4 d5 3. exd5 cxd5 4. Bd3 Nc6 5. c3 Nf6 6. Bf4 Bg4 7. Qb3 Qd7 8.
Nd2 e6 9. Ngf3 Bd6 10. Bg3 Bxg3 11. hxg3 Qc7 12. O-O O-O 13. Rae1 Rab8 14. Ne5
Bh5 15. Ndf3 b5 16. Nxc6 Qxc6 17. Ne5 Qd6 18. Qc2 b4 19. Re3 Rfc8 20. g4 Bg6
21. Nxg6 hxg6 22. g5 Nd7 23. Rfe1 Nf8 24. Rh3 bxc3 25. bxc3 Qa3 26. Bf1 Rb2
27. Qd3 Rxa2 28. Qg3 f5 29. gxf6 gxf6 30. Qh4 Qe7 31. Qh8+ Kf7 32. Bb5 Qc7 33.
Rh7+ Nxh7 34. Qxh7+ Kf8 35. Qh8+ Kf7 36. Qh7+ Kf8 37. Qh8+ {#d} 1/2-1/2

[Event "Intermat"]
[Site "Richmond"]
[Date "2023.04.15"]
[Round "2.23"]
[White "Kandhare, Ojas"]
[Black "Qiu, Peter Yong"]
[Result "0-1"]
[WhiteElo "1662"]
[BlackElo "1819"]
[EventType "team-match"]
[EventRounds "2"]
[EventCountry "CAN"]

1. e4 e5 2. Nf3 Nc6 3. Bc4 Bc5 4. d3 Nf6 5. c3 d6 6. a4 a6 7. Nbd2 O-O 8. O-O
Be6 9. Re1 Re8 10. Bb3 Bb6 11. Nf1 d5 12. Ng3 dxe4 13. dxe4 Qxd1 14. Bxd1 Ng4
15. Rf1 Rad8 16. Be2 h6 17. h3 Nf6 18. Re1 Nd7 19. b4 a5 20. Bd2 axb4 21. cxb4
Nd4 22. Nxd4 Bxd4 23. Rac1 c5 24. Bb5 Rf8 25. Ne2 Nf6 26. Nxd4 cxd4 27. f4
exf4 28. Bxf4 Bd7 29. Bd6 Rfe8 30. e5 Bxb5 31. axb5 Nd5 32. Red1 Nc3 33. Rd2
Nxb5 34. Rc5 Nxd6 35. exd6 Rxd6 36. Rc7 b6 37. Kf2 d3 38. Rc3 Re4 39. Rcxd3
Rxd3 40. Rxd3 Rxb4 41. Rd8+ Kh7 42. Rd7 f6 43. Ke3 Kg6 44. Rb7 Rb2 45. Kf3 b5
46. g4 b4 47. h4 h5 48. gxh5+ Kh6 49. Rb5 b3 50. Kg3 Rb1 51. Kf2 b2 52. Kg2 f5
53. Kf2 Rh1 54. Rb8 Kh7 55. h6 Kxh6 {#R} 0-1

[Event "Intermat"]
[Site "Richmond"]
[Date "2023.04.15"]
[Round "2.24"]
[White "Wan, Bertrand"]
[Black "Qiu, Andrew Yu"]
[Result "0-1"]
[WhiteElo "1989"]
[BlackElo "1815"]
[EventType "team-match"]
[EventRounds "2"]
[EventCountry "CAN"]

1. a3 Nf6 2. Nc3 c5 3. e4 d6 4. d4 cxd4 5. Qxd4 Nc6 6. Qd2 g6 7. b3 Bg7 8. Bb2
Nxe4 9. Nxe4 Bxb2 10. Ra2 Bg7 11. h4 h5 12. Nf3 O-O 13. Bc4 Na5 14. Be2 d5 15.
Nc3 e6 16. O-O a6 17. Rd1 b5 18. Nb1 Nc6 19. c3 Ne7 20. Qf4 Nf5 21. Bd3 Qd6
22. Qd2 e5 23. Qe1 Nh6 24. Be4 Bb7 25. Rad2 Rad8 26. c4 Ng4 27. Bxd5 Bxd5 28.
Rxd5 Qb6 29. c5 Qc7 30. b4 Rxd5 31. Rxd5 Re8 32. Qd1 e4 33. Rd7 Qf4 34. Rd8
Rxd8 35. Qxd8+ Bf8 36. Qd2 Qc7 37. Ne1 Qh2+ 38. Kf1 Qxh4 39. c6 Bh6 40. Qc2
Qh1+ 41. Ke2 Qg1 42. Qc5 Be3 43. Qxe3 Nxe3 44. fxe3 Qh2 45. Nc3 Qd6 {#R} 0-1